000 00370nam a22001577a 4500
005 20251108170632.0
008 250721s1968 xx 000 0 eng d
082 1 4 _aF/Tel
100 1 _aTelscombe, Anne
245 1 4 _aThe listener /
264 1 _aLondon :
_bHarvill press,
_c1968.
300 _a192p
650 1 7 _aEnglish Fiction
942 _2ddc
_cBK
999 _c45344
_d45344